Helen : (Record no. 168908)

MARC details
000 -LEADER
fixed length control field 00509nam a2200181 4500
005 - DATE AND TIME OF LATEST TRANSACTION
control field 20191031122217.0
010 ## - LCCN (DPL NO)
LC control number ENG-126759
020 ## - INTERNATIONAL STANDARD BOOK NUMBER
International Standard Book Number 9789350337820
Terms of availability 125.00
035 ## - SYSTEM CONTROL NUMBER
System control number EN-110291
037 ## - SOURCE OF ACQUISITION
Source of stock number/acquisition DBAD/PUB
082 ## - DEWEY DECIMAL CLASSIFICATION NUMBER
Classification number N
100 ## - MAIN ENTRY--PERSONAL NAME
Personal name Irani, Yohan
245 ## - TITLE STATEMENT
Title Helen :
Statement of responsibility, etc by Yohan Irani
Remainder of title inspired by true events /
260 ## - PUBLICATION, DISTRIBUTION, ETC. (IMPRINT)
Place of publication, distribution, etc Noida
Name of publisher, distributor, etc Maple Press
Date of publication, distribution, etc 2018
270 ## - ADDRESS
Address A-63, Sector 58
City Noida
Postal code 201301
Telephone number 911204553581
Electronic mail address info@maplepress.co.in
300 ## - PHYSICAL DESCRIPTION
Extent 88p.
Dimensions 21cm(pbk)
942 ## - ADDED ENTRY ELEMENTS (KOHA)
Source of classification or shelving scheme Dewey Decimal Classification
Item type English Books
Classification part N
Call number suffix IRA
Holdings
Withdrawn status Lost status Not for loan Collection code Home library Current library Date acquired Source of acquisition Cost, normal purchase price Full call number Barcode Copy number Cost, replacement price Koha item type
      Fiction Central Library Central Library 31/10/2019 DBAD/PUB 125.00 N IRA EN-110291 1 125.00 English Books

© Delhi Public Library
Hit Counter
free hit counter